01451nam a2200241 i 4500001000700000003000900007005001700016008004100033040001300074100005100087245020000138260004800338300004600386500031300432594004800745596006300793650004500856650006200901700006500963852003601028999001901064952012601083165409ES-MaACL20251014063241.0940202s1860 sp |||| | spa d aAS bspa1 aSimonet, Francisco Javier, d1829-1897910657010aDescripción del reino de Granada bajo la dominación de los naseritasb: sacada de los autores árabes y seguida del texto inédito de Mohammed ebn Aljathib / cpor Francisco Javier Simonet. aMadrid : b[s.n.], c1860 (fImp. Nacional) a214, [10], 30 p., [1] h. pleg. ; c24 cm. aTexto árabe de la obra Ibn Arljatib, contenida en el códice 554 de los mss. árabes de la Biblioteca del Escorial, colección de varios opúsculos de dicho autor titulada "El justo peso de la experiencia" en la que se contienen descripciones geográficas varias y entre ellas la del reino de Granada. aTexto en árabe anexo al final de la obra. aÚltima secuencia de paginación en caracteres árabes.04aGranada (Reino)-xDescripción.913619704aGranada-xHistoria-yÉpoca musulmana, 711-1492.91361981 aIbn al-Hatib, Muhammad ibn 'Abd Allâh, d1313-13759162300 aES-MaACLjF-5418 z-- Enc. hol. c165409d165409 001040708LIBXIXaATENEOMbATENEOMcDEPO2d2008-01-17eSSCl0oF-5418p1173454r2023-02-23 00:00:00w2023-02-23yMONANT